logo

Bir Sreshtho Munshi Abdur Rouf Library
Jhenaidah Cadet College

The Innovator's Situation : (Record no. 5145)

MARC details
000 -LEADER
fixed length control field 00686nam a2200241 a 4500
001 - CONTROL NUMBER
JCCL Control Number 5145
003 - CONTROL NUMBER IDENTIFIER
JCCL marc code BD-JhCC
005 - DATE AND TIME OF LATEST TRANSACTION
control field 20171211182315.0
008 - FIXED-LENGTH DATA ELEMENTS--GENERAL INFORMATION
fixed length control field 171209s1979 u |||| ||a| 001 0 eng d
020 ## - INTERNATIONAL STANDARD BOOK NUMBER
International Standard Book Number 0804710171
020 ## - INTERNATIONAL STANDARD BOOK NUMBER
International Standard Book Number 0804711119
035 ## - SYSTEM CONTROL NUMBER
system control number (BD-JhCC) 5145
040 ## - CATALOGING SOURCE
Original cataloging agency BD-JhCC
Modifying agency BD-JhCC
041 ## - LANGUAGE CODE
Language code of Book eng
082 ## - DEWEY DECIMAL CLASSIFICATION NUMBER
Classification number 338
Author mark and Year CAN 1979
100 ## - MAIN ENTRY--PERSONAL NAME
Personal name Cancian, Frank
245 ## - TITLE STATEMENT
Title The Innovator's Situation :
Remainder of title Upper-middle-class conservatism in agricultural communities /
Statement of responsibility, etc Frank Cancian,
260 ## - PUBLICATION, DISTRIBUTION, ETC. (IMPRINT)
Place of publication, distribution, etc America :
Name of publisher, distributor, etc Stanford University Press,Stanford,California ,
Date of publication, distribution, etc 1959
300 ## - PHYSICAL DESCRIPTION
Pagination 159 p .:
Dimensions 22 cm .
650 ## - SUBJECT ADDED ENTRY--TOPICAL TERM
Topical term or geographic name as entry element Agriculture
942 ## - ADDED ENTRY ELEMENTS (KOHA)
Source of classification or shelving scheme Dewey Decimal Classification
Koha item type Books
Holdings
Source of classification or shelving scheme Damaged status Not for loan Home library Current library Shelving location Date of accession Total Checkouts Full call number Barcode Date last seen Copy number Koha item type
Dewey Decimal Classification     JCC Rouf Library JCC Rouf Library General Stacks 12/09/2017   338 CAN 1979 7143 12/09/2017 C-1 Books

JCC Library | Contacts | JCC Home

Last Update on 23 September 2017
Copyright @ 2017-2020 JCC Rouf Library
Rouf Library, Jhenidah Cadet College (JCC), Bangladesh